| 000 | 00790nam a2200241Ia 4500 | ||
|---|---|---|---|
| 003 | OSt | ||
| 005 | 20220923224148.0 | ||
| 006 | a|||||r|||| 00| 0 | ||
| 007 | ta | ||
| 008 | 220922b |||||||| |||| 00| 0 hin d | ||
| 024 | _a226,772 | ||
| 037 | _cTextual | ||
| 040 |
_aARTS _cARTS _bhin |
||
| 041 |
_2hin _ahin |
||
| 082 | _aLBx, 152N4 | ||
| 100 | _aदेसाई, रणजितराय | ||
| 245 | 0 | _aआयुर्वेदीय हितोपदेश | |
| 246 | _aĀyurvedīya hitopadesha | ||
| 260 |
_aकलकत्ता _b श्री बैद्यनाथ आयुर्वेद भवन लि0 _c1994 |
||
| 300 |
_a293पृ. _ccm. |
||
| 942 |
_hLBx, 152N4 _cTEXL _2CC |
||
| 999 |
_c369628 _d369628 |
||